000 02133cam a2200373 i 4500
001 17120364
003 OSt
005 20230926114802.0
008 120113s2013 njua b 001 0 eng
010 _a 2012000877
020 _a9788126540501
040 _aDLC
_beng
_cDLC
_erda
_dDLC
042 _apcc
050 0 0 _aQA279
_b.M66 2013
082 0 0 _a519.57
_bMON/D
084 _aTEC009060
_2bisacsh
100 _aMontgomery, Douglas C
_95451
245 1 0 _aDesign and analysis of experiments /
_cDouglas C. Montgomery, Arizona State University.
250 _aEighth edition.
260 _aHoboken, NJ :
_bJohn Wiley & Sons, Inc.,
_c[2013]
300 _axvii, 725 pages :
_billustrations ;
_c26 cm
336 _atext
_2rdacontent
337 _aunmediated
_2rdamedia
338 _avolume
_2rdacarrier
504 _aIncludes bibliographical references (pages 719-724) and index.
520 _a"The eighth edition of Design and Analysis of Experiments continues to provide extensive and in-depth information on engineering, business, and statistics-as well as informative ways to help readers design and analyze experiments for improving the quality, efficiency and performance of working systems. Furthermore, the text maintains its comprehensive coverage by including: new examples, exercises, and problems (including in the areas of biochemistry and biotechnology); new topics and problems in the area of response surface; new topics in nested and split-plot design; and the residual maximum likelihood method is now emphasized throughout the book"--
_cProvided by publisher.
650 0 _aExperimental design.
650 7 _aTECHNOLOGY & ENGINEERING / Industrial Engineering.
_2bisacsh
856 4 1 _3Table of contents only
_uhttp://www.loc.gov/catdir/enhancements/fy1206/2012000877-t.html
856 4 2 _3Publisher description
_uhttp://www.loc.gov/catdir/enhancements/fy1206/2012000877-d.html
906 _a7
_bcbc
_corignew
_d1
_eecip
_f20
_gy-gencatlg
942 _2ddc
_cBK
_h519.57
_iMON/D
_k519.57
_mMON/D
999 _c42443
_d42443